Văn Hóa Dân Gian DỪA LẠNG

Gardado en:
Detalles Bibliográficos
Autor Principal: Nguyễn Thanh Tùng
Formato: Libro
Idioma:Vietnamese
Publicado: Thanh Niên 2011
Những chủ đề:
Các nhãn: Engadir etiqueta
Sen Etiquetas, Sexa o primeiro en etiquetar este rexistro!
Thư viện lưu trữ: Mạng thư viện Đại học Đà Nẵng
LEADER 01220nam a22003371a 4500
001 000036217
003 12511
005 20160329000000.0
008 160329s2011 vm 000 vie
020 |a 978-604-64-0004-2 
041 |a vie 
082 |a 398.2  |b NG-T 
100 |a Nguyễn Thanh Tùng 
245 |a Văn Hóa Dân Gian DỪA LẠNG  |c Nguyễn Thanh Tùng 
260 |a Thanh Niên  |c 2011 
300 |a 303tr. : mh : 20cm 
650 |a Văn Hóa Dân Gian DỪA LẠNG,Văn Hóa ,Dân Gian, DỪA LẠNG,Nguyễn Thanh Tùng,2011 
852 |b Chuyên đề  |c Ngôn ngữ tiếng Việt 2 
OWN |a LNN 
AVA |a UDN50  |b LNN  |d 398.2 NG-T  |e available  |t Error 5001 Not defined in file expand_doc_bib_avail.  |f 1  |g 0  |h N  |i 0  |k 1 
999 |a From the UDN01 
AVA |a UDN50  |b LNN  |d 398.2 NG-T  |e available  |t Error 5001 Not defined in file expand_doc_bib_avail.  |f 1  |g 0  |h N  |i 0  |k 1 
TYP |a Monograph 
TYP |a Printed language 
980 |a Mạng thư viện Đại học Đà Nẵng